000 00423nam a22001697a 4500
005 20160518111124.0
008 160518b xxu||||| |||| 00| 0 eng d
020 _a0-07-04-3577-4
041 _aeng
082 _b2817
100 _aManippally Matthukutty M.
_9741
245 _aBusiness Communication Strategics
260 _aNew Delhi
_bTata McGraw Hill Ltd.
300 _a258
650 _aManagement
_9241
942 _cBK
999 _c996
_d996